000 01155nam a22002657a 4500
005 20090316110612.0
008 090316t xxu||||| |||| 00| 0 hin d
010 _aHIN-91000
020 _c300.00
_a8189562029
035 _aHN-63346
037 _bDBAD / PUB
040 _aDPL
_bHN
082 _a827
100 _924114
_aरामदेव धुरंधर
245 _aबंदे आगे भी देख...:
_cरामदेव धुरंधर
_bव्यंग्य-संग्रह /
260 _aनई दिल्ली
_bनेशनल काउंसिल ऑफ हिन्दी लिट्रेचर
_c2010
270 _a33/1, भूलभुलैयाँ रोड, महरौली
_bनई दिल्ली
_e110030
300 _a230पृ.
_c22सेमी (सजिल्द)
650 _91169
_aव्यंग्य, हिन्दी
700 _924212
700 _924373
700 _924219
942 _2ddc
_cHN
_mरामदे
_h827
999 _c48636
_d48636